000
00287nam a22001337a 4500
008
181029b xxu||||| |||| 00| 0 eng d
020
_a
0801621828
041
_a
eng
080
_2
4th
_a
573
100
_a
11
101
_a
BIO
245
_a
Biology of Animals
_c
Hickman
942
_2
udc
_c
BK
999
_c
51036
_d
51036